Fundamentals of Computer Architecture and Design (Запис № 447865)

МАРК-запис
000 -LEADER
fixed length control field 04532nam a22005655i 4500
001 - CONTROL NUMBER
control field 978-3-319-25811-9
003 - CONTROL NUMBER IDENTIFIER
control field DE-He213
005 - DATE AND TIME OF LATEST TRANSACTION
control field 20210118131607.0
007 - PHYSICAL DESCRIPTION FIXED FIELD--GENERAL INFORMATION
fixed length control field cr nn 008mamaa
008 - FIXED-LENGTH DATA ELEMENTS--GENERAL INFORMATION
fixed length control field 170804s2017 gw | s |||| 0|eng d
020 ## - INTERNATIONAL STANDARD BOOK NUMBER
International Standard Book Number 9783319258119
-- 978-3-319-25811-9
024 7# - OTHER STANDARD IDENTIFIER
Standard number or code 10.1007/978-3-319-25811-9
Source of number or code doi
050 #4 - LIBRARY OF CONGRESS CALL NUMBER
Classification number TK7888.4
072 #7 - SUBJECT CATEGORY CODE
Subject category code TJFC
Source bicssc
072 #7 - SUBJECT CATEGORY CODE
Subject category code TEC008010
Source bisacsh
072 #7 - SUBJECT CATEGORY CODE
Subject category code TJFC
Source thema
082 04 - DEWEY DECIMAL CLASSIFICATION NUMBER
Classification number 621.3815
Edition number 23
100 1# - MAIN ENTRY--PERSONAL NAME
Personal name Bindal, Ahmet.
Relator term author.
Relator code aut
-- http://id.loc.gov/vocabulary/relators/aut
245 10 - TITLE STATEMENT
Title Fundamentals of Computer Architecture and Design
Medium [electronic resource] /
Statement of responsibility, etc by Ahmet Bindal.
250 ## - EDITION STATEMENT
Edition statement 1st ed. 2017.
264 #1 -
-- Cham :
-- Springer International Publishing :
-- Imprint: Springer,
-- 2017.
300 ## - PHYSICAL DESCRIPTION
Extent XIV, 533 p. 531 illus.
Other physical details online resource.
336 ## -
-- text
-- txt
-- rdacontent
337 ## -
-- computer
-- c
-- rdamedia
338 ## -
-- online resource
-- cr
-- rdacarrier
347 ## -
-- text file
-- PDF
-- rda
505 0# - FORMATTED CONTENTS NOTE
Formatted contents note Review Of Combinational Circuits -- Review Of Sequential Circuits -- Review Of Asynchronous Circuits -- System Bus -- Memory Circuits And Systems -- Central Processing Unit -- System Peripherals -- Special Topics.
520 ## - SUMMARY, ETC.
Summary, etc This textbook provides semester-length coverage of computer architecture and design, providing a strong foundation for students to understand modern computer system architecture and to apply these insights and principles to future computer designs. It is based on the author’s decades of industrial experience with computer architecture and design, as well as with teaching students focused on pursuing careers in computer engineering. Unlike a number of existing textbooks for this course, this one focuses not only on CPU architecture, but also covers in great detail in system buses, peripherals and memories.This book teaches every element in a computing system in two steps. First, it introduces the functionality of each topic (and subtopics) and then goes into “from-scratch design” of a particular digital block from its architectural specifications using timing diagrams. The author describes how the data-path of a certain digital block is generated using timin g diagrams, a method which most textbooks do not cover, but is valuable in actual practice. In the end, the user is ready to use both the design methodology and the basic computing building blocks presented in the book to be able to produce industrial-strength designs. • Provides semester-length textbook for students in computer and electrical engineering, covering the design of complex computing blocks from archite ctural specifications; • Focuses not only on CPU architecture, but also covers in detail system buses, peripherals and memories; • Presented in a manner catering to young engineering minds, this textbook minimizes text, while using a systematic design approach with architectural schematics, timing diagrams and control circuits; • Includes extensive exercises and projects at the end of each chapter; • Solutions to review problems and PowerPoint slides for instructors available. .
506 ## - RESTRICTIONS ON ACCESS NOTE
Terms governing access Available to subscribing member institutions only. Доступно лише організаціям членам підписки.
506 ## - RESTRICTIONS ON ACCESS NOTE
Standardized terminology for access restriction Online access from local network of NaUOA.
506 ## - RESTRICTIONS ON ACCESS NOTE
Standardized terminology for access restriction Online access with authorization at https://link.springer.com/
506 ## - RESTRICTIONS ON ACCESS NOTE
Standardized terminology for access restriction Онлайн-доступ з локальної мережі НаУОА.
506 ## - RESTRICTIONS ON ACCESS NOTE
Standardized terminology for access restriction Онлайн доступ з авторизацією на https://link.springer.com/
650 #0 - SUBJECT ADDED ENTRY--TOPICAL TERM
Topical term or geographic name as entry element Electronic circuits.
650 #0 - SUBJECT ADDED ENTRY--TOPICAL TERM
Topical term or geographic name as entry element Microprocessors.
650 #0 - SUBJECT ADDED ENTRY--TOPICAL TERM
Topical term or geographic name as entry element Electronics.
650 #0 - SUBJECT ADDED ENTRY--TOPICAL TERM
Topical term or geographic name as entry element Microelectronics.
650 14 - SUBJECT ADDED ENTRY--TOPICAL TERM
Topical term or geographic name as entry element Circuits and Systems.
-- http://scigraph.springernature.com/things/product-market-codes/T24068
650 24 - SUBJECT ADDED ENTRY--TOPICAL TERM
Topical term or geographic name as entry element Processor Architectures.
-- http://scigraph.springernature.com/things/product-market-codes/I13014
650 24 - SUBJECT ADDED ENTRY--TOPICAL TERM
Topical term or geographic name as entry element Electronics and Microelectronics, Instrumentation.
-- http://scigraph.springernature.com/things/product-market-codes/T24027
710 2# - ADDED ENTRY--CORPORATE NAME
Corporate name or jurisdiction name as entry element SpringerLink (Online service)
773 0# - HOST ITEM ENTRY
Title Springer eBooks
776 08 - ADDITIONAL PHYSICAL FORM ENTRY
Display text Printed edition:
International Standard Book Number 9783319258096
776 08 - ADDITIONAL PHYSICAL FORM ENTRY
Display text Printed edition:
International Standard Book Number 9783319258102
856 40 - ELECTRONIC LOCATION AND ACCESS
Uniform Resource Identifier <a href="https://doi.org/10.1007/978-3-319-25811-9">https://doi.org/10.1007/978-3-319-25811-9</a>
912 ## -
-- ZDB-2-ENG
942 ## - ADDED ENTRY ELEMENTS (KOHA)
Koha item type ЕКнига

Немає доступних примірників.